01071nam a2200277Ia 4500008004100000020001800041050001600059050001800075100002400093245001600117245005300133245002400186260001500210260002200225260000900247300001600256300005200272300001100324440000600335500026000341650004700601650002800648650004000676650003300716650004400749161112s9999 xx 000 0 und d a962-258-232-X aREF DS 655  b.K37 1998 v.9 aMagno, Alexander R. 0aKasaysayan: 4bthe story of Filipino people : a nation reborn / 0cAlexander R. Magno. a[s. l. ] : bAsia Publishing,  c1998 a303 pages : billustrations (some color), maps (some color) ; c29 cm. v9 aIncludes bibliographical references and index. v. 1. The Philippine archipelago / Raymundo S. Punongbayan, Prescillano M. Zamora, Perry S. Ong -- v. 2. The Earliest Filipino / Fr. Gabriel S. Casal ... [et al.] -- v. 3. The Spanish conquest / Jose S. Arcil aPhilippines -- History -- Pictorial works. aPhilippines -- History. aPhilippines Description and Travel. xPhilippines -- Civilization. xPhilippines -- Politics and Government.